[Event "Stay Safe Play From Home 233"]
[Site "Emanuel Lasker Arena"]
[Date "2020.06.17"]
[Round "9"]
[White "Trotsky"]
[Black "Mepe_Nika"]
[Result "0-1"]
[WhiteElo "1475"]
[BlackElo "2351"]
[Annotator "TA"]
[PlyCount "52"]
[EventDate "2020.06.17"]
[EventType "swiss (blitz)"]

{[%evp 9,52,-30,-21,-21,-18,-47,-39,-40,47,-45,104,87,135,12,34,-86,95,-1,49,-375,-53,-216,-45,-227,198,179,183,-1076,-1079,-1166,-1149,-1141,-1134,-1840,-1473,-1401,-1441,-1773,-1543,-29992,-29993,-29993,-29992,-29992,-29993]} 1. d4 c5 2. e3 cxd4 3. exd4 d5 4. c4 Nc6 5. a3 Nf6 6. Be3 {[#] B13: Caro-Kann: Exchange Variation and Panov-Botvinnik Attack.} Bg4 $146 ({Predecessor:} 6... g6 7. Nc3 Bg7 8. h3 O-O 9. Nf3 Be6 10. c5 Ne4 11. Rc1 Nxc5 12. dxc5 d4 13. Nxd4 Nxd4 {0-1 (29) Salem,A (2531)-Mamedyarov,S (2753) Khanty-Mansiysk 2013}) 7. f3 Bf5 8. Nc3 {Black is slightly better.} e5 (8... e6 $15) 9. c5 (9. dxe5 $14 d4 {[%mdl 64] Double Attack} 10. exf6) 9... e4 {[#]} (9... Be7 $15) 10. g4 $1 $16 {[%cal Rg4f5]} Bg6 11. h4 (11. g5 $16 Nd7 12. Nxd5) 11... exf3 $11 12. Nxf3 (12. Qxf3 $14 {is the one way to stay ahead.} Be4 13. Nxe4 dxe4 14. Qg3) 12... Be4 $2 (12... Nxg4 $17 {and life is bright.} 13. Bf4 h5) 13. Bd3 ({But not} 13. Nxe4 dxe4 14. Ne5 Be7 $11) (13. Rg1 $16) 13... Qe7 14. Qd2 $2 {[%mdl 8192]} (14. Bxe4 $14 dxe4 15. Ne5) 14... O-O-O $2 ({Better is} 14... Bxf3 $19 15. O-O Bxg4) 15. Rf1 $2 (15. O-O $15) 15... Re8 $2 (15... Nxg4 $19 16. Bxe4 dxe4) 16. O-O-O $2 (16. Ne5 $15 Bxd3 17. Qxd3) 16... Nxg4 $4 {[%mdl 8192]} (16... Bxd3 $19 {and life is good for Black.} 17. Qxd3 Qxe3+ 18. Qxe3 Rxe3) 17. Bxe4 $18 dxe4 18. Qc2 $4 {[%mdl 8192]} (18. Ng5 $18 f6 19. Ngxe4) 18... Nxe3 $19 19. Qa4 Nxd1 20. Rxd1 exf3 21. Kb1 f2 22. d5 Qxc5 {...Re1 is the strong threat.} 23. dxc6 Qxc6 24. Nd5 Qxa4 {Black mates.} 25. Rc1+ {[#]} Qc6 $1 {[%mdl 64] Promotion} 26. Rxc6+ bxc6 {Accuracy: White = 15%, Black = 20%.} 0-1